[Event "XLIV Memoriał Szachowy Ludwika Zamenhofa 2025, Grupa A"]
[Site "Białystok, Poland"]
[Date "2025.12.27"]
[Round "1.12"]
[White "Flak, Pawel"]
[Black "Niedbala, Bartlomiej"]
[Result "0-1"]
[TimeControl "90'+30\""]
[WhiteElo "2113"]
[BlackElo "2380"]

1. d4 {[%clk 01:30:59]} {[%emt 00:00:01]} g6 {[%clk 01:30:55]} {[%emt
00:00:05]} 2. e4 {[%clk 01:31:09]} {[%emt 00:00:19]} Bg7 {[%clk 01:31:08]}
{[%emt 00:00:17]} 3. c4 {[%clk 01:30:56]} {[%emt 00:00:44]} d6 {[%clk
01:31:29]} {[%emt 00:00:09]} 4. Nc3 {[%clk 01:31:18]} {[%emt 00:00:08]} c5
{[%clk 01:27:02]} {[%emt 00:04:57]} 5. d5 {[%clk 01:30:16]} {[%emt 00:01:32]}
Bxc3+ {[%clk 01:27:26]} {[%emt 00:00:05]} 6. bxc3 {[%clk 01:30:45]} {[%emt
00:00:02]} e5 {[%clk 01:27:55]} {[%emt 00:00:01]} 7. Bd3 {[%clk 01:30:00]}
{[%emt 00:01:15]} Qe7 {[%clk 01:25:59]} {[%emt 00:02:25]} 8. f4 {[%clk
01:23:41]} {[%emt 00:06:50]} exf4 {[%clk 00:59:26]} {[%emt 00:27:03]} 9. Bxf4
{[%clk 01:23:38]} {[%emt 00:00:33]} Nd7 {[%clk 00:54:33]} {[%emt 00:05:23]} 10.
Nf3 {[%clk 01:18:27]} {[%emt 00:05:40]} Ngf6 {[%clk 00:50:33]} {[%emt
00:04:30]} 11. h3 {[%clk 01:09:15]} {[%emt 00:09:43]} Nh5 {[%clk 00:36:18]}
{[%emt 00:14:44]} 12. Bh2 {[%clk 01:08:13]} {[%emt 00:01:33]} f6 {[%clk
00:32:43]} {[%emt 00:04:03]} 13. O-O {[%clk 01:04:25]} {[%emt 00:04:20]} Ne5
{[%clk 00:31:06]} {[%emt 00:02:07]} 14. Be2 {[%clk 00:39:47]} {[%emt 00:25:09]}
Ng7 {[%clk 00:30:54]} {[%emt 00:00:41]} 15. Nxe5 {[%clk 00:38:43]} {[%emt
00:01:35]} fxe5 {[%clk 00:29:13]} {[%emt 00:02:09]} 16. Bg4 {[%clk 00:39:01]}
{[%emt 00:00:14]} Bxg4 {[%clk 00:28:53]} {[%emt 00:00:50]} 17. Qxg4 {[%clk
00:39:29]} {[%emt 00:00:02]} Nh5 {[%clk 00:25:40]} {[%emt 00:03:42]} 18. Rf2
{[%clk 00:34:05]} {[%emt 00:05:55]} Nf6 {[%clk 00:24:47]} {[%emt 00:01:22]} 19.
Qe2 {[%clk 00:29:59]} {[%emt 00:04:37]} O-O {[%clk 00:24:03]} {[%emt 00:01:13]}
20. Raf1 {[%clk 00:26:26]} {[%emt 00:04:04]} Nd7 {[%clk 00:20:08]} {[%emt
00:04:24]} 21. a4 {[%clk 00:20:14]} {[%emt 00:06:43]} Qg5 {[%clk 00:17:44]}
{[%emt 00:02:54]} 22. Rxf8+ {[%clk 00:15:18]} {[%emt 00:05:27]} Rxf8 {[%clk
00:18:00]} {[%emt 00:00:13]} 23. Rb1 {[%clk 00:15:43]} {[%emt 00:00:05]} b6
{[%clk 00:16:38]} {[%emt 00:01:52]} 24. Qd3 {[%clk 00:14:59]} {[%emt 00:01:15]}
Nf6 {[%clk 00:15:18]} {[%emt 00:01:49]} 25. Re1 {[%clk 00:12:51]} {[%emt
00:02:38]} Nh5 {[%clk 00:13:40]} {[%emt 00:02:07]} 26. Qe3 {[%clk 00:12:49]}
{[%emt 00:00:33]} Qh4 {[%clk 00:09:50]} {[%emt 00:04:19]} 27. Re2 {[%clk
00:10:25]} {[%emt 00:02:55]} Rf7 {[%clk 00:07:35]} {[%emt 00:02:44]} 28. Re1
{[%clk 00:09:24]} {[%emt 00:01:32]} Kg7 {[%clk 00:06:53]} {[%emt 00:01:12]} 29.
Rb1 {[%clk 00:08:49]} {[%emt 00:01:06]} Nf6 {[%clk 00:03:22]} {[%emt 00:04:01]}
30. Re1 {[%clk 00:09:04]} {[%emt 00:00:14]} Nh5 {[%clk 00:00:44]} {[%emt
00:03:08]} 31. Rb1 {[%clk 00:09:32]} {[%emt 00:00:02]} h6 {[%clk 00:00:48]}
{[%emt 00:00:26]} 32. Ra1 {[%clk 00:03:47]} {[%emt 00:06:15]} Kh7 {[%clk
00:00:42]} {[%emt 00:00:36]} 33. Rc1 {[%clk 00:02:28]} {[%emt 00:01:50]} Qe7
{[%clk 00:00:35]} {[%emt 00:00:36]} 34. Ra1 {[%clk 00:01:10]} {[%emt 00:01:48]}
Qb7 {[%clk 00:00:33]} {[%emt 00:00:32]} 35. Kh1 {[%clk 00:00:42]} {[%emt
00:00:58]} Qa6 {[%clk 00:00:57]} {[%emt 00:00:06]} 36. Qe2 {[%clk 00:01:03]}
{[%emt 00:00:10]} Kg7 {[%clk 00:01:08]} {[%emt 00:00:18]} 37. Kg1 {[%clk
00:01:18]} {[%emt 00:00:15]} Qc8 {[%clk 00:01:04]} {[%emt 00:00:34]} 38. Qe3
{[%clk 00:01:28]} {[%emt 00:00:20]} Rf8 {[%clk 00:01:18]} {[%emt 00:00:16]} 39.
Qe2 {[%clk 00:01:21]} {[%emt 00:00:36]} Qe8 {[%clk 00:01:33]} {[%emt 00:00:15]}
40. Qe3 {[%clk 00:01:30]} {[%emt 00:00:22]} g5 {[%clk 00:01:32]} {[%emt
00:00:32]} 41. Qe2 {[%clk 00:00:57]} {[%emt 00:01:02]} Nf6 {[%clk 00:01:53]}
{[%emt 00:00:10]} 42. Bg3 {[%clk 00:00:45]} {[%emt 00:00:41]} Qg6 {[%clk
00:01:57]} {[%emt 00:00:26]} 43. Re1 {[%clk 00:01:11]} {[%emt 00:00:04]} Rf7
{[%clk 00:01:54]} {[%emt 00:00:33]} 44. Bh2 {[%clk 00:01:36]} {[%emt 00:00:06]}
h5 {[%clk 00:01:47]} {[%emt 00:00:37]} 45. g3 {[%clk 00:00:44]} {[%emt
00:01:21]} Rf8 {[%clk 00:02:13]} {[%emt 00:00:04]} 46. Kg2 {[%clk 00:01:07]}
{[%emt 00:00:07]} g4 {[%clk 00:01:58]} {[%emt 00:00:45]} 47. Bg1 {[%clk
00:00:48]} {[%emt 00:00:49]} Nh7 {[%clk 00:01:36]} {[%emt 00:00:52]} 48. hxg4
{[%clk 00:00:50]} {[%emt 00:00:28]} hxg4 {[%clk 00:02:05]} 49. Be3 {[%clk
00:00:46]} {[%emt 00:00:34]} Qxe4+ {[%clk 00:02:17]} {[%emt 00:00:18]} 50. Kg1
{[%clk 00:01:15]} {[%emt 00:00:02]} Kg6 {[%clk 00:02:05]} {[%emt 00:00:41]} 51.
Bf2 {[%clk 00:00:43]} {[%emt 00:01:02]} Qxe2 {[%clk 00:01:31]} {[%emt
00:01:05]} 52. Rxe2 {[%emt 00:00:17]} Rf3 {[%clk 00:01:43]} 53. Be1 {[%clk
00:01:38]} {[%emt 00:00:04]} Nf6 {[%clk 00:01:18]} {[%emt 00:00:55]} 54. a5
{[%clk 00:02:04]} {[%emt 00:00:04]} bxa5 {[%clk 00:01:27]} {[%emt 00:00:21]} 55.
Ra2 {[%clk 00:02:33]} {[%emt 00:00:01]} Ne4 {[%clk 00:01:29]} {[%emt 00:00:27]}
56. Rxa5 {[%clk 00:02:36]} {[%emt 00:00:28]} Nxg3 {[%clk 00:01:29]} {[%emt
00:00:30]} 57. Rxa7 {[%clk 00:02:53]} {[%emt 00:00:13]} Ne4 {[%clk 00:01:34]}
{[%emt 00:00:24]} 58. Kg2 {[%clk 00:02:42]} {[%emt 00:00:41]} Re3 {[%clk
00:01:42]} {[%emt 00:00:21]} 59. Kf1 {[%clk 00:02:11]} {[%emt 00:01:01]} g3
{[%clk 00:01:39]} {[%emt 00:00:33]} 60. Ra1 {[%clk 00:01:26]} {[%emt 00:01:17]}
Kf5 {[%clk 00:02:02]} {[%emt 00:00:06]} 61. Rc1 {[%clk 00:01:34]} {[%emt
00:00:22]} Kg4 {[%clk 00:02:25]} {[%emt 00:00:07]} 62. Rc2 {[%clk 00:01:16]}
{[%emt 00:00:49]} Kf3 {[%clk 00:02:51]} {[%emt 00:00:03]} 63. Rc1 {[%clk
00:00:36]} {[%emt 00:01:10]} Re2 {[%clk 00:01:42]} {[%emt 00:01:38]} 64. Kg1
{[%clk 00:00:46]} {[%emt 00:00:21]} Ng5 {[%clk 00:02:01]} {[%emt 00:00:11]} 65.
Bxg3 {[%clk 00:00:39]} {[%emt 00:00:38]} Kxg3 {[%clk 00:02:29]} {[%emt
00:00:01]} 0-1

[Event "XLIV Memoriał Szachowy Ludwika Zamenhofa 2025, Grupa A"]
[Site "Białystok, Poland"]
[Date "2025.12.27"]
[Round "1.13"]
[White "Lewtak, Damian"]
[Black "Obolonin, Filipp"]
[Result "1/2-1/2"]
[TimeControl "90'+30\""]
[WhiteElo "2333"]
[BlackElo "2103"]

1. d4 {[%clk 01:30:58]} {[%emt 00:00:01]} Nf6 {[%clk 01:30:45]} {[%emt
00:00:16]} 2. c3 {[%clk 01:31:22]} {[%emt 00:00:05]} d5 {[%clk 01:30:08]}
{[%emt 00:01:07]} 3. Bf4 {[%clk 01:31:39]} {[%emt 00:00:13]} c6 {[%clk
01:30:09]} {[%emt 00:00:30]} 4. e3 {[%clk 01:30:25]} {[%emt 00:01:44]} Bf5
{[%clk 01:30:32]} {[%emt 00:00:07]} 5. Nd2 {[%clk 01:30:35]} {[%emt 00:00:19]}
e6 {[%clk 01:30:44]} {[%emt 00:00:18]} 6. Ngf3 {[%clk 01:30:37]} {[%emt
00:00:29]} h6 {[%clk 01:31:07]} {[%emt 00:00:07]} 7. Qb3 {[%clk 01:29:48]}
{[%emt 00:01:18]} Qc8 {[%clk 01:26:32]} {[%emt 00:05:06]} 8. Be2 {[%clk
01:28:30]} {[%emt 00:01:47]} Nbd7 {[%clk 01:26:57]} {[%emt 00:00:06]} 9. h3
{[%clk 01:26:17]} {[%emt 00:02:42]} Be7 {[%clk 01:26:54]} {[%emt 00:00:33]} 10.
c4 {[%clk 01:25:56]} {[%emt 00:00:51]} O-O {[%clk 01:27:18]} {[%emt 00:00:07]}
11. O-O {[%clk 01:26:22]} {[%emt 00:00:04]} Bd8 {[%clk 01:27:16]} {[%emt
00:00:32]} 12. Bd6 {[%clk 01:16:20]} {[%emt 00:10:31]} Re8 {[%clk 01:27:23]}
{[%emt 00:00:24]} 13. Ne5 {[%clk 01:16:42]} {[%emt 00:00:07]} Bc7 {[%clk
01:26:30]} {[%emt 00:01:23]} 14. Bxc7 {[%clk 01:16:20]} {[%emt 00:00:52]} Qxc7
{[%clk 01:26:54]} {[%emt 00:00:07]} 15. f4 {[%clk 01:16:47]} {[%emt 00:00:02]}
Ne4 {[%clk 01:25:42]} {[%emt 00:01:43]} 16. Nxe4 {[%clk 01:16:14]} {[%emt
00:01:03]} Bxe4 {[%clk 01:26:05]} {[%emt 00:00:07]} 17. Bf3 {[%clk 01:09:51]}
{[%emt 00:06:52]} Nf6 {[%clk 01:18:44]} {[%emt 00:07:51]} 18. Rac1 {[%clk
01:05:01]} {[%emt 00:05:20]} Rac8 {[%clk 01:17:52]} {[%emt 00:01:22]} 19. c5
{[%clk 00:53:58]} {[%emt 00:11:33]} Bh7 {[%clk 01:12:27]} {[%emt 00:05:55]} 20.
Qc3 {[%clk 00:51:55]} {[%emt 00:02:32]} Ne4 {[%clk 01:12:32]} {[%emt 00:00:27]}
21. Bxe4 {[%clk 00:51:19]} {[%emt 00:01:05]} Bxe4 {[%clk 01:12:53]} {[%emt
00:00:09]} 22. b4 {[%clk 00:51:23]} {[%emt 00:00:27]} f6 {[%clk 01:13:19]}
{[%emt 00:00:04]} 23. Nd3 {[%clk 00:50:12]} {[%emt 00:01:40]} e5 {[%clk
01:09:34]} {[%emt 00:04:15]} 24. dxe5 {[%clk 00:41:28]} {[%emt 00:09:14]} Bxd3
{[%clk 01:09:07]} {[%emt 00:00:57]} 25. Qxd3 {[%clk 00:41:54]} {[%emt
00:00:05]} fxe5 {[%clk 01:09:30]} {[%emt 00:00:06]} 26. e4 {[%clk 00:42:20]}
{[%emt 00:00:04]} Rcd8 {[%clk 01:06:35]} {[%emt 00:03:26]} 27. f5 {[%clk
00:38:41]} {[%emt 00:04:08]} Qe7 {[%clk 01:00:44]} {[%emt 00:06:21]} 28. b5
{[%clk 00:28:16]} {[%emt 00:10:56]} dxe4 {[%clk 00:58:50]} {[%emt 00:02:23]} 29.
Qxe4 {[%clk 00:27:59]} {[%emt 00:00:47]} Rd4 {[%clk 00:58:36]} {[%emt
00:00:44]} 30. Qe3 {[%clk 00:20:32]} {[%emt 00:07:55]} Kh7 {[%clk 00:52:41]}
{[%emt 00:06:28]} 31. bxc6 {[%clk 00:17:10]} {[%emt 00:03:51]} bxc6 {[%clk
00:52:44]} {[%emt 00:00:28]} 32. Rc2 {[%clk 00:15:04]} {[%emt 00:02:35]} Qf6
{[%clk 00:52:41]} {[%emt 00:00:34]} 1/2-1/2

[Event "XLIV Memoriał Szachowy Ludwika Zamenhofa 2025, Grupa A"]
[Site "Białystok, Poland"]
[Date "2025.12.27"]
[Round "1.14"]
[White "Paprocki, Jaroslaw"]
[Black "Sernecki, Franciszek"]
[Result "0-1"]
[TimeControl "90'+30\""]
[WhiteElo "2096"]
[BlackElo "2306"]

1. d4 {[%clk 01:30:57]} {[%emt 00:00:03]} Nf6 {[%clk 01:30:30]} {[%emt
00:00:30]} 2. c4 {[%clk 01:30:59]} {[%emt 00:00:28]} e6 {[%clk 01:30:52]}
{[%emt 00:00:07]} 3. Nc3 {[%clk 01:31:22]} {[%emt 00:00:08]} Bb4 {[%clk
01:31:14]} {[%emt 00:00:07]} 4. e3 {[%clk 01:31:41]} {[%emt 00:00:12]} O-O
{[%clk 01:30:11]} {[%emt 00:01:32]} 5. Nge2 {[%clk 01:31:59]} {[%emt 00:00:12]}
Re8 {[%clk 01:27:31]} {[%emt 00:03:09]} 6. a3 {[%clk 01:31:51]} {[%emt
00:00:39]} Bf8 {[%clk 01:27:54]} {[%emt 00:00:07]} 7. Ng3 {[%clk 01:27:09]}
{[%emt 00:05:13]} d5 {[%clk 01:27:31]} {[%emt 00:00:53]} 8. Be2 {[%clk
01:25:23]} {[%emt 00:02:16]} dxc4 {[%clk 01:11:20]} {[%emt 00:16:41]} 9. e4
{[%clk 01:21:04]} {[%emt 00:04:49]} Nc6 {[%clk 00:53:52]} {[%emt 00:17:58]} 10.
e5 {[%clk 01:18:52]} {[%emt 00:02:42]} Nd5 {[%clk 00:51:16]} {[%emt 00:03:06]}
11. Bxc4 {[%clk 01:13:55]} {[%emt 00:05:26]} Nb6 {[%clk 00:43:46]} {[%emt
00:08:00]} 12. Bb5 {[%clk 01:14:07]} {[%emt 00:00:19]} Qxd4 {[%clk 00:40:18]}
{[%emt 00:03:58]} 13. Bxc6 {[%clk 01:13:39]} {[%emt 00:00:57]} Qxd1+ {[%clk
00:39:07]} {[%emt 00:01:42]} 14. Kxd1 {[%clk 01:14:02]} {[%emt 00:00:06]} bxc6
{[%clk 00:39:20]} {[%emt 00:00:18]} 15. Kc2 {[%clk 01:12:25]} {[%emt 00:02:06]}
Ba6 {[%clk 00:29:25]} {[%emt 00:10:25]} 16. Rd1 {[%clk 01:07:42]} {[%emt
00:05:13]} Bc4 {[%clk 00:28:50]} {[%emt 00:01:05]} 17. Nge4 {[%clk 00:52:38]}
{[%emt 00:15:33]} Reb8 {[%clk 00:24:13]} {[%emt 00:05:08]} 18. b3 {[%clk
00:50:13]} {[%emt 00:02:56]} Bd5 {[%clk 00:23:53]} {[%emt 00:00:50]} 19. f4
{[%clk 00:46:23]} {[%emt 00:04:19]} a5 {[%clk 00:16:21]} {[%emt 00:08:02]} 20.
Rb1 {[%clk 00:32:21]} {[%emt 00:14:33]} a4 {[%clk 00:13:28]} {[%emt 00:03:23]}
21. bxa4 {[%clk 00:32:36]} {[%emt 00:00:14]} Nxa4 {[%clk 00:11:18]} {[%emt
00:02:40]} 22. Rxb8 {[%clk 00:24:02]} {[%emt 00:09:04]} Rxb8 {[%clk 00:11:46]}
{[%emt 00:00:02]} 23. Nxd5 {[%clk 00:22:23]} {[%emt 00:02:09]} cxd5 {[%clk
00:12:01]} {[%emt 00:00:15]} 24. Nd2 {[%clk 00:21:58]} {[%emt 00:00:55]} c5
{[%clk 00:09:02]} {[%emt 00:03:30]} 25. Rf1 {[%clk 00:21:23]} {[%emt 00:01:04]}
c4 {[%clk 00:07:02]} {[%emt 00:02:30]} 26. f5 {[%clk 00:19:04]} {[%emt
00:02:49]} Bc5 {[%clk 00:06:33]} {[%emt 00:00:59]} 27. fxe6 {[%clk 00:17:37]}
{[%emt 00:01:57]} fxe6 {[%clk 00:06:56]} {[%emt 00:00:08]} 28. h4 {[%clk
00:11:35]} {[%emt 00:06:31]} h6 {[%clk 00:06:19]} {[%emt 00:01:07]} 29. g4
{[%clk 00:08:44]} {[%emt 00:03:20]} Be3 {[%clk 00:04:56]} {[%emt 00:01:53]} 30.
Re1 {[%clk 00:06:48]} {[%emt 00:02:28]} Bxd2 {[%clk 00:05:03]} {[%emt
00:00:23]} 31. Kxd2 {[%clk 00:06:18]} {[%emt 00:01:00]} d4 {[%clk 00:03:24]}
{[%emt 00:02:09]} 32. Rg1 {[%clk 00:03:31]} {[%emt 00:03:16]} Nc5 {[%clk
00:01:14]} {[%emt 00:02:40]} 33. Kd1 {[%clk 00:00:43]} {[%emt 00:03:17]} Rf8
{[%clk 00:00:45]} {[%emt 00:01:00]} 34. g5 {[%clk 00:00:46]} {[%emt 00:00:28]}
h5 {[%clk 00:00:45]} {[%emt 00:00:30]} 35. g6 {[%clk 00:00:35]} {[%emt
00:00:41]} Rf2 {[%clk 00:00:45]} {[%emt 00:00:29]} 36. Bg5 {[%clk 00:00:44]}
{[%emt 00:00:21]} c3 {[%clk 00:00:38]} {[%emt 00:00:37]} 37. a4 {[%clk
00:00:35]} {[%emt 00:00:39]} c2+ {[%clk 00:01:02]} {[%emt 00:00:06]} 0-1

[Event "XLIV Memoriał Szachowy Ludwika Zamenhofa 2025, Grupa A"]
[Site "Białystok, Poland"]
[Date "2025.12.27"]
[Round "1.15"]
[White "Krawczyk, Flawian"]
[Black "Kiolbasa, Damian"]
[Result "1-0"]
[TimeControl "90'+30\""]
[WhiteElo "2292"]
[BlackElo "2079"]

1. e4 {[%clk 01:30:57]} {[%emt 00:00:02]} c6 {[%clk 01:30:54]} {[%emt
00:00:07]} 2. d4 {[%clk 01:28:47]} {[%emt 00:02:39]} d5 {[%clk 01:31:17]}
{[%emt 00:00:08]} 3. exd5 {[%clk 01:24:21]} {[%emt 00:04:56]} cxd5 {[%clk
01:31:41]} {[%emt 00:00:05]} 4. Nf3 {[%clk 01:24:03]} {[%emt 00:00:47]} Nf6
{[%clk 01:31:52]} {[%emt 00:00:20]} 5. c3 {[%clk 01:24:21]} {[%emt 00:00:12]}
Nc6 {[%clk 01:32:13]} {[%emt 00:00:09]} 6. Ne5 {[%clk 01:23:45]} {[%emt
00:01:06]} a6 {[%clk 01:30:09]} {[%emt 00:02:36]} 7. Bd3 {[%clk 01:22:19]}
{[%emt 00:01:54]} e6 {[%clk 01:25:21]} {[%emt 00:05:18]} 8. Nd2 {[%clk
01:15:12]} {[%emt 00:07:36]} Nxe5 {[%clk 01:24:06]} {[%emt 00:01:47]} 9. dxe5
{[%clk 01:14:43]} {[%emt 00:00:58]} Nd7 {[%clk 01:24:35]} 10. Nf3 {[%clk
01:14:39]} {[%emt 00:00:34]} Qc7 {[%clk 01:23:04]} {[%emt 00:02:02]} 11. Qe2
{[%clk 01:14:39]} {[%emt 00:00:30]} Nc5 {[%clk 01:21:49]} {[%emt 00:01:46]} 12.
Bc2 {[%clk 01:12:12]} {[%emt 00:02:56]} Bd7 {[%clk 01:18:31]} {[%emt 00:03:49]}
13. Nd4 {[%clk 01:11:04]} {[%emt 00:01:37]} Be7 {[%clk 01:18:34]} {[%emt
00:00:28]} 14. O-O {[%clk 01:10:40]} {[%emt 00:00:53]} O-O {[%clk 01:09:48]}
{[%emt 00:09:17]} 15. a4 {[%clk 01:04:21]} {[%emt 00:06:49]} b5 {[%clk
01:05:40]} {[%emt 00:04:37]} 16. axb5 {[%clk 00:53:44]} {[%emt 00:11:07]} axb5
{[%clk 01:06:08]} {[%emt 00:00:02]} 17. Rxa8 {[%clk 00:50:36]} {[%emt
00:03:38]} Rxa8 {[%clk 01:06:36]} {[%emt 00:00:03]} 18. Nxb5 {[%clk 00:50:40]}
{[%emt 00:00:24]} Bxb5 {[%clk 01:06:50]} {[%emt 00:00:17]} 19. Qxb5 {[%clk
00:51:07]} {[%emt 00:00:03]} Qxe5 {[%clk 01:06:50]} {[%emt 00:00:31]} 20. Qc6
{[%clk 00:50:15]} {[%emt 00:01:21]} Rd8 {[%clk 01:04:33]} {[%emt 00:02:47]} 21.
Be3 {[%clk 00:48:18]} {[%emt 00:02:27]} Ne4 {[%clk 01:04:11]} {[%emt 00:00:52]}
22. Bb6 {[%clk 00:41:03]} {[%emt 00:07:45]} Rf8 {[%clk 01:03:31]} {[%emt
00:01:10]} 23. Bc7 {[%clk 00:37:34]} {[%emt 00:03:59]} Rc8 {[%clk 01:03:20]}
{[%emt 00:00:42]} 24. Bxe5 {[%clk 00:37:10]} {[%emt 00:00:53]} Rxc6 {[%clk
01:03:48]} {[%emt 00:00:02]} 25. Ra1 {[%clk 00:36:36]} {[%emt 00:01:04]} Rc8
{[%clk 00:56:20]} {[%emt 00:07:58]} 26. Bxe4 {[%clk 00:28:26]} {[%emt
00:08:40]} dxe4 {[%clk 00:56:48]} {[%emt 00:00:02]} 27. Ra7 {[%clk 00:28:35]}
{[%emt 00:00:21]} Bc5 {[%clk 00:54:59]} {[%emt 00:02:19]} 28. Rc7 {[%clk
00:28:22]} {[%emt 00:00:43]} Rxc7 {[%clk 00:50:26]} {[%emt 00:05:03]} 29. Bxc7
{[%clk 00:28:51]} {[%emt 00:00:02]} e3 {[%clk 00:50:55]} 30. Kf1 {[%clk
00:29:20]} Kf8 {[%clk 00:49:15]} {[%emt 00:02:11]} 31. b4 {[%clk 00:29:42]}
{[%emt 00:00:07]} Be7 {[%clk 00:49:35]} {[%emt 00:00:10]} 32. fxe3 {[%clk
00:28:44]} {[%emt 00:01:28]} Bf6 {[%clk 00:46:59]} {[%emt 00:03:06]} 33. c4
{[%clk 00:28:34]} {[%emt 00:00:40]} Ke7 {[%clk 00:47:12]} {[%emt 00:00:18]} 34.
Ke2 {[%clk 00:28:26]} {[%emt 00:00:37]} Kd7 {[%clk 00:47:40]} {[%emt 00:00:02]}
35. Bg3 {[%clk 00:27:54]} {[%emt 00:01:00]} Kc6 {[%clk 00:47:53]} {[%emt
00:00:19]} 36. Kd3 {[%clk 00:28:12]} {[%emt 00:00:12]} Be7 {[%clk 00:48:14]}
{[%emt 00:00:10]} 37. b5+ {[%clk 00:28:35]} {[%emt 00:00:07]} Kb6 {[%clk
00:48:39]} {[%emt 00:00:05]} 38. Be5 {[%clk 00:26:48]} {[%emt 00:02:16]} f6
{[%clk 00:49:02]} {[%emt 00:00:06]} 39. Bd4+ {[%clk 00:27:15]} {[%emt
00:00:04]} Ka5 {[%clk 00:49:03]} {[%emt 00:00:30]} 40. e4 {[%clk 00:26:58]}
{[%emt 00:00:46]} e5 {[%clk 00:49:09]} {[%emt 00:00:25]} 41. Be3 {[%clk
00:26:34]} {[%emt 00:00:54]} h5 {[%clk 00:48:35]} {[%emt 00:01:04]} 42. h3
{[%clk 00:26:38]} {[%emt 00:00:25]} g6 {[%clk 00:41:13]} {[%emt 00:07:51]} 43.
g4 {[%clk 00:26:05]} {[%emt 00:01:04]} hxg4 {[%clk 00:41:35]} {[%emt 00:00:09]}
44. hxg4 {[%clk 00:26:32]} {[%emt 00:00:03]} Bf8 {[%clk 00:38:49]} {[%emt
00:03:16]} 45. Kc3 {[%clk 00:26:42]} {[%emt 00:00:19]} Bb4+ {[%clk 00:38:45]}
{[%emt 00:00:35]} 46. Kb3 {[%clk 00:26:36]} {[%emt 00:00:35]} Be7 {[%clk
00:35:13]} {[%emt 00:04:02]} 47. Bd2+ {[%clk 00:27:00]} {[%emt 00:00:07]} Kb6
{[%clk 00:35:41]} {[%emt 00:00:01]} 48. Bb4 {[%clk 00:27:18]} {[%emt 00:00:12]}
Bd8 {[%clk 00:35:29]} {[%emt 00:00:42]} 49. Ka4 {[%clk 00:27:36]} {[%emt
00:00:12]} f5 {[%clk 00:35:21]} {[%emt 00:00:38]} 50. Ba5+ {[%clk 00:28:03]}
{[%emt 00:00:03]} 1-0